The common Law Library;Chitty on Contracts. (Record no. 3337)
[ view plain ]
| 000 -LEADER | |
|---|---|
| fixed length control field | 00456nam a22001817a 4500 |
| 003 - CONTROL NUMBER IDENTIFIER | |
| control field | OSt |
| 005 - DATE AND TIME OF LATEST TRANSACTION | |
| control field | 20160330141350.0 |
| 008 - FIXED-LENGTH DATA ELEMENTS--GENERAL INFORMATION | |
| fixed length control field | 160330b xxu||||| |||| 00| 0 eng d |
| 020 ## - INTERNATIONAL STANDARD BOOK NUMBER | |
| International Standard Book Number | 0421912308 |
| 040 ## - CATALOGING SOURCE | |
| Transcribing agency | DDC. |
| 082 ## - DEWEY DECIMAL CLASSIFICATION NUMBER | |
| Classification number | 026.34COM 2005. |
| 100 ## - MAIN ENTRY--PERSONAL NAME | |
| Personal name | Sweet ;Maxwell; |
| 9 (RLIN) | 7460 |
| 245 ## - TITLE STATEMENT | |
| Title | The common Law Library;Chitty on Contracts. |
| 250 ## - EDITION STATEMENT | |
| Edition statement | 29th ed |
| 300 ## - PHYSICAL DESCRIPTION | |
| Extent | xlviii,300p; |
| Other physical details | ill; |
| Dimensions | 24cm |
| 650 ## - SUBJECT ADDED ENTRY--TOPICAL TERM | |
| Topical term or geographic name as entry element | Library Law. |
| 9 (RLIN) | 7461 |
| 942 ## - ADDED ENTRY ELEMENTS (KOHA) | |
| Source of classification or shelving scheme | Dewey Decimal Classification |
| Koha item type | Short Loan |
| Withdrawn status | Lost status | Source of classification or shelving scheme | Damaged status | Not for loan | Home library | Current library | Date acquired | Source of acquisition | Inventory number | Total Checkouts | Full call number | Barcode | Date last seen | Price effective from | Koha item type |
|---|---|---|---|---|---|---|---|---|---|---|---|---|---|---|---|
| Dewey Decimal Classification | MUST Main Library | MUST Main Library | 30/03/2016 | 06/27798 | 026.34COM 2005. | 2016-0541 | 30/03/2016 | 30/03/2016 | Short Loan |
